000 00755nam a2200229 a 4500
999 _c10065
_d10065
001 10065
003 BD-JhCC
005 20180405102052.0
008 180405s bg a|||| ||a| 000 0 ben d
035 _a(BD-JhCC)10065
040 _aBD-JhCC
_dBD-JhCC
041 _aben
082 _a709.914
_bALA
100 _aএ্যালেন, এ্যাগনিস্
245 _aইউরোপের চিত্রকলা /
_cএ্যাগনিস্ এ্যালেন,
260 _aঢাকা :
_bজাতীয় গ্রন্থ প্রকাশন,
300 _a94 p. :
_c22 cm.
650 _aPainting
_zEurop
700 _aবন্দ্যোপাধ্রায়, কাজল
942 _2ddc
_cBK